Geografi tanah-tanih

Bibliographic Details
Main Author: Cruinkshank, James G.
Other Authors: Ismail b. Ahmad
Format: Book
Language:English
Published: Kuala Lumpur : Dewan Bahasa dan Pustaka , 1972
Subjects:

MARC

LEADER 00000cam a2200000 7i4500
001 0000002186
005 20230710.0
008 991128 my eng
040 |a INS 
090 0 0 |a S591   |b .C8154 1972 
100 1 |a Cruinkshank, James G. 
245 1 0 |a Geografi tanah-tanih   |c James G. Cruinkshank   |f terjemahan Ismail b. Ahmad 
260 |a Kuala Lumpur :   |b Dewan Bahasa dan Pustaka ,   |c 1972 
300 |a xv, 303 p. :   |b ill. ;   |c 23 cm. 
500 |a Translated from soil geography 
504 |a Includes bibliographical references and index 
650 0 |a Soil geography 
700 0 |a Ismail b. Ahmad 
999 |a 0000000521   |b BOOK   |c Open Shelf   |e Default branch